On This Day: July 18th Quiz Stats

 Plays Quiz Updated Jul 18, 2017

Support Sporcle.
Go Orange.
Score 0/7 Timer 03:00
2 Plays Today
Question Answer Wrong Answers
The government of this US city, with up to $20 billion in debt, files for the largest municipal bankruptcy in US history.
2013
Detroit
75.7%
New York
8.1%
Chicago
8.9%
Houston
2.3%
At the 1976 Summer Olympics, this gymnast becomes the first person in Olympic history to score a perfect 10 in gymnastics.
1976
Nadia Comăneci
73.6%
Olga Korbut
14.8%
Nellie Kim
2.7%
Ludmilla Tourischeva
4.8%
Adolf Hitler publishes his antisemitic autobiography, Mein Kampf, which translates to this in English.
1925
My Struggle
73.5%
My Life
14.4%
My Theories
3.6%
My Power
6.8%
This American colonel, astronaut, and politician, the first American to orbit the Earth, is born.
1921
John Glenn
71.7%
Alan Shepard
14.2%
Neil Armstrong
8%
Buzz Aldrin
6.1%
This technology company, which is now responsible for most of the processors found in personal computers (PCs), is founded in Mountain View, California.
1968
Intel
61.4%
Apple
7.9%
Microsoft
19.6%
Dell
7.8%
On this Caribbean island, a British Overseas Territory, the Soufrière Hills volcano erupts, devastating the island and forcing most of the population to flee.
1995
Montserrat
47.7%
Martinique
23.2%
Curaçao
12.6%
Aruba
11.8%
______ resigns as Prime Minister of Japan because of numerous setbacks in the war effort.
1944
Hideki Tōjō
41.3%
Hirohito
38.8%
Fumimaro Konoe
2.3%
Isoroku Yamamoto
15.2%

You're not logged in!

Compare scores with friends on all Sporcle quizzes.
OR
Log In
Forgot?

From the Vault

Oscar Best Actor (2010s)

by minshkins

Yeah, that's the secret criteria. Gotta be named Oscar.
Remove Ads.
Support Sporcle.
Get the best of Sporcle when you Go Orange. This ad-free experience offers more features, more stats, and more fun while also helping to support Sporcle. Thank you for becoming a member.

Show Comments

Extras

Top Quizzes Today


Score Distribution

Your Account Isn't Verified!

In order to create a playlist on Sporcle, you need to verify the email address you used during registration. Go to your Sporcle Settings to finish the process.

Report this User

Report this user for behavior that violates our Community Guidelines.

Details: